Kritiken und Essays (1909-1939)

Titel: Kritiken und Essays (1909-1939) / Max Herrmann-Neiße ; herausgegeben von Sibylle Schönborn
Teil: Band 3. 1925-1939 / herausgegeben von Fabian Wilhelmi ; unter Mitarbeit von Hendrik Cramer, Beata Giblak, Verena Rheinberg, Simone Zupfer
Verfasser:
Beteiligt: ; ; ; ; ;
Veröffentlicht: Bielefeld : Aisthesis Verlag, 2022
Umfang: 1116 Seiten : Illustrationen
Format: Buch
Sprache: Deutsch
Schriftenreihe/
mehrbändiges Werk:
Kritiken und Essays (1909-1939) / Max Herrmann-Neiße ; herausgegeben von Sibylle Schönborn ; Band 3
alle Bände anzeigen
ISBN: 9783849818135
Buchumschlag
X
alg: 49513555
001A    $00026:31-05-22 
001B    $00077:16-02-23 $t09:38:34.000 
001D    $00026:16-08-22 
001U    $0utf8 
001X    $00 
002@    $0Afu 
002C    $aText $btxt $2rdacontent 
002D    $aohne Hilfsmittel zu benutzen $bn $2rdamedia 
002E    $aBand $bnc $2rdacarrier 
003@    $0495135550 
003O    $01342678204 $aOCoLC 
004A    $A978-3-8498-1813-5 
007A    $0495135550 $aHEB 
007G    $0DE00686A6184DEDB8CBB6C12588B000321AEF 
009P    $qapplication/pdf $A2 $3Inhaltsverzeichnis $uhttp://scans.hebis.de/HEBCGI/show.pl?49513555_toc.pdf $mV:DE-603;B:DE-30 
010@    $ager 
010E    $erda 
011@    $a2022 
021A    $a1925-1939 $hherausgegeben von Fabian Wilhelmi ; unter Mitarbeit von Hendrik Cramer, Beata Giblak, Verena Rheinberg, Simone Zupfer 
028A    $BVerfasser $RGebek, Helene [Leni] $#Herrmann-Neisse, Max $#Neiße, Max Herrmann- $#Herrmann-Neisse, Max $#Herrmann Neisse, Max $#Neisse, Max Herrmann- $#Herrmann, Max $#Hermann-Neisse, Max $#Herman Neise, Max $#Hermann, Max $#Hermanny, Max $#Han. $#Nobojukki $#Herrmann, Max $#Herrmann-Neisse, Max $#Neisse, Max $#Neisse, Max H.- $#Neiße, Max H.- $#Herrmann, Max (Schriftsteller) $4aut $7118703870 $8Herrmann-Neiße, Max$Z1886-1941 [Tp1] $9087044684 
028C    $BHerausgeber $4edt $7121136345 $8Schönborn, Sibylle [Tp3] $9152580492 
028C    $BHerausgeber $4edt $71026809630 $8Wilhelmi, Fabian$Z1987- [Tp3] $9309907632 
028C    $BMitwirkender $4ctb $8Cramer, Hendrik [Tnu] $9464115396 
028C    $BMitwirkender $4ctb $71091070040 $8Giblak, Beata$Z1968- [Tp1] $937595242X 
028C    $BMitwirkender $4ctb $8Rheinberg, Verena [Tp3] $9455744440 
028C    $BMitwirkender $4ctb $71232819298 $8Zupfer, Simone [Tp3] $9478734433 
033A    $pBielefeld $nAisthesis Verlag 
034D    $a1116 Seiten 
034M    $aIllustrationen 
036C    $aKritiken und Essays (1909-1939) $x13 $hMax Herrmann-Neiße ; herausgegeben von Sibylle Schönborn $lBand 3 
036D    $x13 $8Kritiken und Essays : (1909-1939) : Kritische Edition / Max Herrmann-Neiße ; herausgegeben von Sibylle Schönborn $9477045693 
037A    $aLiteraturverzeichnis Seite 1063-1069 
045V    $aHerrmann-Neiße, Max $817.18.00$jZu einzelnen Autoren [Tkx] $9118843737 

lok: 49513555 3
101B    $030-08-22 $t11:48:42.000 
101C    $030-08-22 
101U    $0utf8 
145S/01 $a720 

exp: 49513555 3 1 #EPN
201B/01 $030-08-22 $t11:48:42.000 
201C/01 $030-08-22 
201U/01 $0utf8 
203@/01 $01213055806 
208@/01 $a30-08-22 $bzAa 
209A/01 $a91.319.94 Bd. 3 $du $f000 $h91 319 94 / B 3 $x00 
209G/01 $a67383672 $x00 
247C/01 $8601000-3 <30>Frankfurt, Universitätsbibliothek J. C. Senckenberg, Zentralbibliothek (ZB) $9102598258 

lok: 49513555 8

exp: 49513555 8 1 #EPN
201B/01 $008-11-23 $t15:15:05.000 
201C/01 $008-11-23 
201U/01 $0utf8 
203@/01 $01246556006 
208@/01 $a08-11-23 $bz 
209A/01 $a/GM 3639.2021-3 $du $f000 $x00 
209G/01 $a20607009 $x00 
209G/01 $a3. Obergeschoss $x01 
247C/01 $8611000-9 <17>Darmstadt, TU Darmstadt, Universitäts- und Landesbibliothek - Stadtmitte $9102595879 

lok: 49513555 25

exp: 49513555 25 1 #EPN
201B/01 $016-02-23 $t09:41:00.000 
201C/01 $016-02-23 
201U/01 $0utf8 
203@/01 $01227533292 
208@/01 $a16-02-23 $bzic 
209A/01 $a54 HE - 281.15 $dd $f070 $x00 
209A/01 $a54 HE 281 15 $x01 
209C/01 $a23/140-1 Germanistik 
209G/01 $a77426613 $x00 
209G/01 $aGermanistik $x01 
247C/01 $8651070-x <77/070>Mainz, Universität Mainz, Bereichsbibliothek Philosophicum, Standorte Germanistik I / Kulturanthropologie und Germanistik II $9102600198 

lok: 49513555 62

exp: 49513555 62 1 #EPN
201B/01 $009-09-22 $t22:15:54.000 
201C/01 $009-09-22 
203@/01 $01213514762 
208@/01 $a09-09-22 $be 
209A/01 $a/ $f000 $x00 
209B/01 $a2022 $x05 
247C/01 $8Frankfurt, Bibliographie der Deutschen Sprach- und Literaturwissenschaft $9113214561 
201U/01 $0utf8 

lok: 49513555 78

exp: 49513555 78 1 #EPN
201B/01 $002-02-26 $t15:28:29.000 
201C/01 $002-02-26 
201U/01 $0utf8 
203@/01 $01333232551 
208@/01 $a02-02-26 $be 
209A/01 $a/ $f000 $x00 
209A/01 $ab*p $x01 
220C/01 $apgar 
244Z/01 $#Schlesien $#Schlesien $#Herzogtum Schlesien $#Herzogtum Schlesien Schlesien $#Provinz Schlesien $#Śla̜sk $#Slezsko $#Silesia $74052678-1 $8--Tg1--Schlesien $x02 $9085146781 
247C/01 $82080>Marburg/Lahn, Herder-Institut, Forschungsbibliothek, Bibliographieportal $9336309341 

lok: 49513555 204

exp: 49513555 204 1 #EPN
201B/01 $019-08-22 $t13:50:41.000 
201C/01 $031-05-22 
201U/01 $0utf8 
203@/01 $01202470327 
208@/01 $a19-08-22 $bzUB 
209A/01 $a000 GM 3640 A11.2021-3 $du $f000 $x00 
209G/01 $a64541927 $x00 
245S/01 $a15000 $x01 
247C/01 $8631000-x <26>Gießen, Universität Gießen, Universitätsbibliothek Gießen $9102596697 

lok: 49513555 205

exp: 49513555 205 1 #EPN
201B/01 $031-08-23 $t15:34:54.000 
201C/01 $031-08-23 
201U/01 $0utf8 
203@/01 $0124236322X 
208@/01 $a31-08-23 $bz 
209A/01 $a001 GM 3640 K92.2021 -3 $db $f000 $x00 
209C/01 $a1 2023/06871 
209C/01 $anel2308ga 
209G/01 $a57813580 $x00 
247C/01 $8351000-1 <4>Marburg, Universität Marburg, Universitätsbibliothek $9102594767
LEADER 00000cam a2200000 cc4500
001 495135550
003 DE-603
005 20230216093834.0
007 tu
008 220531s2022 xx |||| | u00||u|ger c
020 |a 9783849818135 
035 |a (DE-599)HEB495135550 
035 |a (OCoLC)1342678204 
040 |a DE-603  |b ger  |c DE-603  |d DE-603  |e rda 
041 |a ger 
100 1 |a Herrmann-Neiße, Max  |d 1886-1941  |e Verfasser  |4 aut  |0 (DE-603)087044684  |0 (DE-588)118703870  |2 gnd 
245 0 0 |a Kritiken und Essays (1909-1939)  |n Band 3  |p 1925-1939 / herausgegeben von Fabian Wilhelmi ; unter Mitarbeit von Hendrik Cramer, Beata Giblak, Verena Rheinberg, Simone Zupfer  |c Max Herrmann-Neiße ; herausgegeben von Sibylle Schönborn 
264 1 |a Bielefeld  |b Aisthesis Verlag  |c 2022 
300 |a 1116 Seiten  |b Illustrationen 
336 |a Text  |b txt  |2 rdacontent 
337 |a ohne Hilfsmittel zu benutzen  |b n  |2 rdamedia 
338 |a Band  |b nc  |2 rdacarrier 
500 |a Literaturverzeichnis Seite 1063-1069 
700 1 |a Schönborn, Sibylle  |e Herausgeber  |4 edt  |0 (DE-603)152580492  |0 (DE-588)121136345  |2 gnd 
700 1 |a Wilhelmi, Fabian  |d 1987-  |e Herausgeber  |4 edt  |0 (DE-603)309907632  |0 (DE-588)1026809630  |2 gnd 
700 1 |a Cramer, Hendrik  |e Mitwirkender  |4 ctb  |0 (DE-603)464115396 
700 1 |a Giblak, Beata  |d 1968-  |e Mitwirkender  |4 ctb  |0 (DE-603)37595242X  |0 (DE-588)1091070040  |2 gnd 
700 1 |a Rheinberg, Verena  |e Mitwirkender  |4 ctb  |0 (DE-603)455744440  |0 (DE-588)1199950912  |2 gnd 
700 1 |a Zupfer, Simone  |e Mitwirkender  |4 ctb  |0 (DE-603)478734433  |0 (DE-588)1232819298  |2 gnd 
773 0 8 |q 13  |w (DE-603)477045693 
856 4 2 |m V:DE-603;B:DE-30  |q application/pdf  |u http://scans.hebis.de/HEBCGI/show.pl?49513555_toc.pdf  |3 Inhaltsverzeichnis 
924 0 |9 30  |a (DE-603)1213055806  |b DE-30  |c HES  |d c  |g 91.319.94 Bd. 3 
924 0 |9 17  |a (DE-603)1246556006  |b DE-17  |c HES  |d c  |g /GM 3639.2021-3  |h 3. Obergeschoss 
924 0 |9 77/070  |a (DE-603)1227533292  |b DE-77-070  |c HES  |d d  |g 54 HE - 281.15 
924 0 |9 603  |a (DE-603)1213514762  |b DE-603  |c HES  |d d 
924 0 |9 2080  |a (DE-603)1333232551  |b DE-2080  |c HES  |d d  |g / 
924 0 |9 26  |a (DE-603)1202470327  |b DE-26  |c HES  |d c  |g 000 GM 3640 A11.2021-3 
924 0 |9 4  |a (DE-603)124236322X  |b DE-4  |c HES  |d c  |g 001 GM 3640 K92.2021 -3